000 00298nam a22001217a 4500
008 170710b xxu||||| |||| 00| 0 eng d
041 _aeng
080 _a030
100 _a23
101 _aENC
245 _aTHE ENCYCLOPEDIA OF TEAM DEVELOPMENT ACTIVITIES
_cPFEIFFER.J.W
942 _2udc
_cBK
999 _c20152
_d20152